00487nam a22001577a 450000500170000000800410001702000260005804100130008408200140009710000240011124500550013525000200019026000560021030000370026665000260030320231109060828.0231109b |||||||| |||| 00| 0 eng d a409037435 ; 409037427 aEnglish  a346.2 KER aKerr, AJ lEnglish  aThe Principles of the Law of Contract / cAJ Kerr  aSecond Edition  aDurban : bButterworth Publishers (Pty) Ltd, c1975 bxxxviii, 408 pages ; c25,5 cm.  aLegal practice bLaw